000 00949nam a2200253 i 4500
001 34690
003 ES-MaACL
005 20250804062557.0
007 t|
008 150918s1986 sp ||||1| spa d
020 _a84-206-9806-7
100 1 _aGraves, Robert.
_959783
245 1 3 _aLa diosa blanca
_b: gramática histórica del mito poético /
_cRobert Graves ; [traductor, Luis Echávarri].
250 _a[2ª reimp. en "El Libro de bolsillo"].
260 _aMadrid :
_bAlianza Editorial,
_cimp. 1986.
300 _a2 v. (703 p.) ;
_c18 cm.
490 1 _aEl Libro de bolsillo ; Sección Humanidades ;
_v948-949
650 4 _aMito-
_xEn la literatura.
_9157253
650 4 _aPoesía irlandesa-
_xHistoria y crítica.
_9157254
700 0 _aEchávarri, Luis.
_946507
830 0 3 _aEl libro de bolsillo.
_pHumanidades
_v948-949
_9178672
852 _aES-MaACL
_jL-30149-50
_z.- Donat. Miguel A. Velasco
999 _c34690
_d34690